| 000 | 00929nam a22002777a 4500 | ||
|---|---|---|---|
| 001 | BR8806790 | ||
| 003 | BR-BrBNA | ||
| 005 | 20230928093046.0 | ||
| 007 | ta | ||
| 008 | 230509b bl.||||| |||| 00| 0 por d | ||
| 040 |
_aBR-BrBNA _bpor _cBiblioteca Nacional de Agricultura |
||
| 041 | _a(Por) | ||
| 072 |
_aQ80 _b9340 _b/G514 |
||
| 090 | _ 9340 BR8806790 | ||
| 100 | 1 | _aHomem, G.R. | |
| 110 | 1 |
_aUniversidade Federal de Vicosa, MG (Brasil) _0Tese (Magister Scientiae) |
|
| 245 | 1 | _aEfeitos da estanhagem e de vernizes de latas de folhas-de-flandres sobre a estabilidade do mel de flor-de-laranjeira | |
| 260 | 3 |
_aVicosa, MG (Brasil): _c1988. |
|
| 300 | _a88 p. | ||
| 500 | _a10 illus.; 31 ref.; Summary (Por). (*) Documento disponível na(o) Universidade Federal de Vicosa, MG (Brazil) | ||
| 650 | _aMEL | ||
| 650 | _aEMBALAGEM | ||
| 650 | _aLATA DE CONSERVA | ||
| 909 |
_a202309 _bLucia _c55 _dLucia Elande |
||
| 942 | _cBK | ||
| 999 |
_c42760 _d42760 |
||